00193nam a2200073 4500100003300000245005300033260002600086300000700112 aDharshika Thilini Rathnayake aSynthetic Organic Dyes Used in Textile Industry  aColombobICHEMCc2016 a33